000 00385 a2200133 4500
245 _aConrad's Colonialism
_hprint
650 _aENGLISH LITERATURE
005 20191021095552.0
260 _ane
_bMouton
_c1969
084 _aPR6005.O4 Z765
300 _a148 p. 22 cm.
_b148 p. 22 cm.
_c148 p. 22 cm.
500 _aBy Robert F. Lee.
490 _aStudies in English literature, vol. 54
999 _c12401
_d12401